<?xml version="1.0" encoding="UTF-8"?>
<record
    xmlns:xsi="http://www.w3.org/2001/XMLSchema-instance"
    xsi:schemaLocation="http://www.loc.gov/MARC21/slim http://www.loc.gov/standards/marcxml/schema/MARC21slim.xsd"
    xmlns="http://www.loc.gov/MARC21/slim">

  <leader>02675nam a22002177a 4500</leader>
  <controlfield tag="003">OSt</controlfield>
  <controlfield tag="005">20260413090527.0</controlfield>
  <controlfield tag="008">260413b        |||||||| |||| 00| 0 eng d</controlfield>
  <datafield tag="020" ind1=" " ind2=" ">
    <subfield code="a">9781471521386</subfield>
  </datafield>
  <datafield tag="082" ind1=" " ind2=" ">
    <subfield code="2">9781471521386</subfield>
    <subfield code="a">9781471521386</subfield>
    <subfield code="b">9781471521386</subfield>
  </datafield>
  <datafield tag="100" ind1=" " ind2=" ">
    <subfield code="a"> Virginia Evans y Jenny Dooley</subfield>
  </datafield>
  <datafield tag="245" ind1=" " ind2=" ">
    <subfield code="a"> On Screen B1+ </subfield>
    <subfield code="b"> Student's Book</subfield>
  </datafield>
  <datafield tag="250" ind1=" " ind2=" ">
    <subfield code="a">1st Edition</subfield>
  </datafield>
  <datafield tag="260" ind1=" " ind2=" ">
    <subfield code="a">Newbury, Reino Unido</subfield>
    <subfield code="b">Express Publishing</subfield>
    <subfield code="c"> 2014</subfield>
  </datafield>
  <datafield tag="300" ind1=" " ind2=" ">
    <subfield code="a">208 p&#xE1;g</subfield>
    <subfield code="c">21 x 29.5 cm</subfield>
  </datafield>
  <datafield tag="490" ind1=" " ind2=" ">
    <subfield code="3">plastificado brillante couch&#xE9;</subfield>
  </datafield>
  <datafield tag="520" ind1=" " ind2=" ">
    <subfield code="a">El objetivo principal del On Screen B1+ - Student's Book es proporcionar una plataforma de aprendizaje integral que lleve al estudiante desde un nivel intermedio hacia un nivel intermedio-alto. El libro busca equilibrar el desarrollo de las cuatro destrezas ling&#xFC;&#xED;sticas b&#xE1;sicas &#x2014;lectura, escritura, audici&#xF3;n y habla&#x2014; mediante un enfoque comunicativo y din&#xE1;mico adaptado a j&#xF3;venes y adultos.
En el &#xE1;mbito gramatical y l&#xE9;xico, el texto tiene como meta consolidar estructuras complejas y ampliar el vocabulario acad&#xE9;mico y cotidiano. A trav&#xE9;s de secciones denominadas Grammar in Use y Vocabulary Builder, el estudiante aprende no solo reglas aisladas, sino c&#xF3;mo aplicar el idioma de manera precisa en contextos reales, mejorando su fluidez y correcci&#xF3;n gramatical.
Otro prop&#xF3;sito fundamental es el desarrollo del pensamiento cr&#xED;tico y las habilidades del siglo XXI. El libro incluye tareas que desaf&#xED;an al alumno a analizar problemas globales, expresar opiniones fundamentadas y trabajar de forma colaborativa. Esto prepara a los estudiantes para enfrentar situaciones de la vida real donde el ingl&#xE9;s es el medio principal de intercambio de ideas.
El manual tambi&#xE9;n act&#xFA;a como un puente hacia la certificaci&#xF3;n oficial, aline&#xE1;ndose con las exigencias del nivel B1+ del Marco Com&#xFA;n Europeo de Referencia (MCER). Contiene secciones espec&#xED;ficas de preparaci&#xF3;n para ex&#xE1;menes internacionales, familiarizando al alumno con los formatos de pruebas de Cambridge, IELTS o TOEFL, lo que reduce la ansiedad y mejora el rendimiento en evaluaciones formales.
Finalmente, el objetivo cultural y motivacional es exponer al estudiante a una gran variedad de temas de inter&#xE9;s mundial, desde la tecnolog&#xED;a hasta el medio ambiente. Al integrar contenido CLIL (Aprendizaje Integrado de Contenidos y Lenguas Extranjeras), el libro asegura que el aprendizaje del ingl&#xE9;s no sea un fin en s&#xED; mismo, sino una herramienta para adquirir conocimientos sobre otras &#xE1;reas del saber humano.
</subfield>
  </datafield>
  <datafield tag="650" ind1=" " ind2=" ">
    <subfield code="a">People &amp; Relationships</subfield>
    <subfield code="v">Entertainment</subfield>
    <subfield code="x">Travel &amp; Holidays</subfield>
  </datafield>
  <datafield tag="700" ind1=" " ind2=" ">
    <subfield code="a"> Virginia Evans y Jenny Dooley</subfield>
  </datafield>
  <datafield tag="942" ind1=" " ind2=" ">
    <subfield code="2">ddc</subfield>
    <subfield code="c">BKA</subfield>
    <subfield code="n">0</subfield>
  </datafield>
  <datafield tag="952" ind1=" " ind2=" ">
    <subfield code="0">0</subfield>
    <subfield code="1">0</subfield>
    <subfield code="2">ddc</subfield>
    <subfield code="4">0</subfield>
    <subfield code="7">0</subfield>
    <subfield code="8">F02</subfield>
    <subfield code="a">ISUS</subfield>
    <subfield code="b">ISUS</subfield>
    <subfield code="c">Biblioteca Abierta</subfield>
    <subfield code="d">2026-04-13</subfield>
    <subfield code="e">IDIOMAS </subfield>
    <subfield code="f">0491</subfield>
    <subfield code="i">0491</subfield>
    <subfield code="l">0</subfield>
    <subfield code="o">INGLES </subfield>
    <subfield code="p">IDIOMA0491</subfield>
    <subfield code="r">2026-04-13 09:06:46</subfield>
    <subfield code="t">1</subfield>
    <subfield code="w">2026-04-13</subfield>
    <subfield code="y">BKA</subfield>
  </datafield>
  <datafield tag="999" ind1=" " ind2=" ">
    <subfield code="c">2067</subfield>
    <subfield code="d">2067</subfield>
  </datafield>
</record>
